000 00455cam a2200181ua 4500
020 _a0 85226 82 89
041 _aeng
_h
082 _a620.30287
_bSIR/ME
100 _aSirohi, RS .
245 _aMechanical measurements /
_cR S Sirohi.
_hTextual Documents
250 _a2 /
_b.
260 _aNew Delhi :
_bWiley Eastern Ltd ,
_c1983.
300 _a256 ; .
504 _a
700 1 _aRadhakrishna, H C .
942 _cBK
999 _c8816
_d8816